000 00417nam a2200193Ia 4500
001 14414
003 GE_BSU
008 181216s||||||||xx |||||||||||||| ||und||
020 _a0349116652
040 _cGE_BSU
100 _aSmith, Alexander McCall
245 _aTears of the Giraffe
260 _aLondon
260 _bAbacus
260 _c2000
300 _a224p.
653 _aTears of the Giraffe
942 _cBK
999 _c47550
_d47550